[Event "DEM U16 2019"]
[Site "Willingen GER"]
[Date "2019.06.09"]
[Round "1"]
[White "Boder, Jan"]
[Black "Wachinger, Nikolas"]
[Result "1-0"]
[Termination "normal"]
[Board "2"]
[WhiteElo "2123"]
[BlackElo "2311"]
[WhiteClock "00:56:31"]
[BlackClock "00:17:10"]
[PlyCount "49"]
[WhiteFideId "16243226"]
[BlackFideId "12962791"]
[EventCountry "GER"]
[EventRounds "9"]
[EventType "swiss"]
[EventDate "2019.06.08"]

1. c4 {[%clk 1:30:47]} 1... b6 {[%clk 1:30:49]} 2. Nc3 {[%clk 1:31:00]} 2...
Bb7 {[%clk 1:31:11]} 3. e4 {[%clk 1:31:19]} 3... e5 {[%clk 1:31:32]} 4. Nf3 {
[%clk 1:31:04]} 4... Nc6 {[%clk 1:31:55]} 5. g3 {[%clk 1:31:06]} 5... Bc5 {
[%clk 1:32:09]} 6. Bg2 {[%clk 1:29:39]} 6... Nge7 {[%clk 1:32:20]} 7. d3 {
[%clk 1:29:33]} 7... O-O {[%clk 1:30:35]} 8. O-O {[%clk 1:29:09]} 8... d6 {
[%clk 1:30:58]} 9. a3 {[%clk 1:29:27]} 9... a5 {[%clk 1:31:22]} 10. Nh4 { [%clk
1:29:32]} 10... Qd7 {[%clk 1:07:51]} 11. Rb1 {[%clk 1:27:44]} 11... h6 { [%clk
1:04:28]} 12. Kh1 {[%clk 1:19:23]} 12... g5 {[%clk 0:55:57]} 13. Nf5 { [%clk
1:18:21]} 13... Nxf5 {[%clk 0:55:30]} 14. exf5 {[%clk 1:18:47]} 14... Qxf5
{[%clk 0:47:10]} 15. f4 {[%clk 1:14:32]} 15... exf4 {[%clk 0:44:52]} 16. gxf4
{[%clk 1:14:44]} 16... g4 {[%clk 0:45:16]} 17. Be4 {[%clk 1:12:49]} 17... Qh5
{[%clk 0:33:25]} 18. f5 {[%clk 1:09:25]} 18... Qh4 {[%clk 0:32:27]} 19. Bf4
{[%clk 1:01:09]} 19... Bf2 {[%clk 0:20:01]} 20. Rxf2 {[%clk 0:56:27]} 20...
Qxf2 {[%clk 0:20:23]} 21. Qxg4+ {[%clk 0:56:52]} 21... Kh8 {[%clk 0:20:47]} 22.
Bxh6 {[%clk 0:56:48]} 22... Rg8 {[%clk 0:16:19]} 23. Qh5 {[%clk 0:56:53]} 23...
Rg7 {[%clk 0:16:44]} 24. Be3+ {[%clk 0:56:13]} 24... Rh7 {[%clk 0:17:10]} 25.
Qxh7+ {[%clk 0:56:31]} 1-0

[Event "DEM U16 2019"]
[Site "Willingen GER"]
[Date "2019.06.09"]
[Round "1"]
[White "Köllner, Ruben Gideon"]
[Black "Pahl, Erik"]
[Result "1-0"]
[Termination "normal"]
[Board "3"]
[WhiteElo "2290"]
[BlackElo "2113"]
[WhiteClock "00:18:04"]
[BlackClock "00:21:37"]
[PlyCount "93"]
[WhiteFideId "12993093"]
[BlackFideId "16201272"]
[EventCountry "GER"]
[EventRounds "9"]
[EventType "swiss"]
[EventDate "2019.06.08"]

1. d4 {[%clk 1:30:57]} 1... Nf6 {[%clk 1:30:53]} 2. Bg5 {[%clk 1:31:21]} 2...
Ne4 {[%clk 1:31:11]} 3. Bf4 {[%clk 1:31:46]} 3... c5 {[%clk 1:31:36]} 4. f3 {
[%clk 1:32:11]} 4... Nf6 {[%clk 1:31:03]} 5. dxc5 {[%clk 1:32:35]} 5... b6 {
[%clk 1:30:34]} 6. e4 {[%clk 1:26:55]} 6... bxc5 {[%clk 1:30:45]} 7. Nc3 {
[%clk 1:27:08]} 7... Nc6 {[%clk 1:31:05]} 8. Bc4 {[%clk 1:17:25]} 8... e5 {
[%clk 1:29:48]} 9. Be3 {[%clk 1:13:02]} 9... Be7 {[%clk 1:29:31]} 10. Nge2 {
[%clk 1:09:25]} 10... Rb8 {[%clk 1:28:48]} 11. b3 {[%clk 1:04:39]} 11... d6 {
[%clk 1:27:35]} 12. Nd5 {[%clk 1:00:09]} 12... O-O {[%clk 1:23:48]} 13. Qd2 {
[%clk 0:42:13]} 13... Nxd5 {[%clk 1:18:34]} 14. Bxd5 {[%clk 0:42:35]} 14... Qc7
{[%clk 1:17:07]} 15. O-O {[%clk 0:34:16]} 15... Be6 {[%clk 1:10:56]} 16. Bxc6 {
[%clk 0:29:58]} 16... Qxc6 {[%clk 1:10:08]} 17. c4 {[%clk 0:30:21]} 17... a6 {
[%clk 0:51:15]} 18. Rad1 {[%clk 0:29:37]} 18... Rbd8 {[%clk 0:50:51]} 19. g4 {
[%clk 0:22:37]} 19... Bh4 {[%clk 0:46:22]} 20. Ng3 {[%clk 0:18:07]} 20... Bxg3
{[%clk 0:43:55]} 21. hxg3 {[%clk 0:18:33]} 21... f6 {[%clk 0:42:20]} 22. Rf2 {
[%clk 0:15:56]} 22... g6 {[%clk 0:38:28]} 23. Rh2 {[%clk 0:14:07]} 23... Rf7 {
[%clk 0:38:34]} 24. Rh6 {[%clk 0:12:17]} 24... Rdd7 {[%clk 0:37:51]} 25. Qc2 {
[%clk 0:08:22]} 25... a5 {[%clk 0:28:15]} 26. a4 {[%clk 0:06:01]} 26... Qb6 {
[%clk 0:27:38]} 27. Rd3 {[%clk 0:05:47]} 27... Rb7 {[%clk 0:23:14]} 28. Qd2 {
[%clk 0:04:08]} 28... Rfd7 {[%clk 0:17:35]} 29. Kg2 {[%clk 0:04:27]} 29... Qc6
{[%clk 0:16:28]} 30. Bf2 {[%clk 0:02:58]} 30... Ra7 {[%clk 0:12:05]} 31. Rh1 {
[%clk 0:02:19]} 31... Ra6 {[%clk 0:08:37]} 32. Qe3 {[%clk 0:01:58]} 32... Qb7 {
[%clk 0:07:58]} 33. Rhd1 {[%clk 0:02:05]} 33... Kg7 {[%clk 0:07:52]} 34. Be1 {
[%clk 0:01:57]} 34... Qc6 {[%clk 0:06:43]} 35. Bd2 {[%clk 0:02:00]} 35... Raa7
{[%clk 0:06:29]} 36. Qe1 {[%clk 0:01:56]} 36... Qb6 {[%clk 0:06:01]} 37. Qe2 {
[%clk 0:02:15]} 37... Qc6 {[%clk 0:05:56]} 38. Kf2 {[%clk 0:02:07]} 38... Kg8 {
[%clk 0:04:05]} 39. Bc1 {[%clk 0:02:19]} 39... Bf7 {[%clk 0:03:04]} 40. Qd2 {
[%clk 0:02:09]} 40... Ra6 {[%clk 0:03:04]} 41. Bb2 {[%clk 0:28:23]} 41... Be6 {
[%clk 0:32:30]} 42. g5 {[%clk 0:20:52]} 42... fxg5 {[%clk 0:27:17]} 43. Qxg5 {
[%clk 0:19:11]} 43... Qb7 {[%clk 0:24:21]} 44. Bxe5 {[%clk 0:17:46]} 44... Rf7
{[%clk 0:22:01]} 45. Bxd6 {[%clk 0:17:26]} 45... Qxe4 {[%clk 0:21:24]} 46. Qd8+
{[%clk 0:17:47]} 46... Kg7 {[%clk 0:21:37]} 47. Bf8+ {[%clk 0:18:04]} 1-0

[Event "DEM U16 2019"]
[Site "Willingen GER"]
[Date "2019.06.09"]
[Round "1"]
[White "Nguyen, Alex Dac-Vuong"]
[Black "Burian, Simon"]
[Result "1/2-1/2"]
[Termination "normal"]
[Board "5"]
[WhiteElo "2287"]
[BlackElo "2001"]
[WhiteClock "00:18:05"]
[BlackClock "00:18:40"]
[PlyCount "46"]
[WhiteFideId "12984388"]
[BlackFideId "12956902"]
[EventCountry "GER"]
[EventRounds "9"]
[EventType "swiss"]
[EventDate "2019.06.08"]

1. d4 {[%clk 1:30:55]} 1... Nf6 {[%clk 1:30:51]} 2. c4 {[%clk 1:31:20]} 2... g6
{[%clk 1:31:05]} 3. f3 {[%clk 1:31:43]} 3... d5 {[%clk 1:28:52]} 4. cxd5 {
[%clk 1:31:58]} 4... Nxd5 {[%clk 1:29:00]} 5. e4 {[%clk 1:32:22]} 5... Nb6 {
[%clk 1:28:39]} 6. Nc3 {[%clk 1:32:11]} 6... Bg7 {[%clk 1:26:30]} 7. Be3 {
[%clk 1:32:32]} 7... O-O {[%clk 1:22:48]} 8. Qd2 {[%clk 1:19:48]} 8... Nc6 {
[%clk 1:13:46]} 9. Rd1 {[%clk 1:05:08]} 9... f5 {[%clk 1:04:10]} 10. e5 { [%clk
0:59:27]} 10... Nb4 {[%clk 1:00:48]} 11. b3 {[%clk 0:53:04]} 11... Be6 { [%clk
0:52:21]} 12. Nh3 {[%clk 0:48:17]} 12... N4d5 {[%clk 0:47:31]} 13. Nxd5 { [%clk
0:47:01]} 13... Bxd5 {[%clk 0:47:10]} 14. Nf4 {[%clk 0:45:17]} 14... Qd7 {[%clk
0:41:04]} 15. h4 {[%clk 0:37:46]} 15... Bf7 {[%clk 0:38:06]} 16. Kf2 { [%clk
0:33:00]} 16... Rad8 {[%clk 0:35:39]} 17. Be2 {[%clk 0:31:53]} 17... c6 { [%clk
0:30:04]} 18. Qc1 {[%clk 0:26:40]} 18... Qc8 {[%clk 0:27:31]} 19. Qa3 { [%clk
0:25:07]} 19... Qc7 {[%clk 0:24:56]} 20. Qc5 {[%clk 0:22:08]} 20... Bh6 { [%clk
0:22:45]} 21. g3 {[%clk 0:20:08]} 21... Nd5 {[%clk 0:21:11]} 22. Qc1 { [%clk
0:17:38]} 22... Nxe3 {[%clk 0:20:17]} 23. Qxe3 {[%clk 0:18:05]} 23... Qa5
{[%clk 0:18:40]} 1/2-1/2

[Event "DEM U16 2019"]
[Site "Willingen GER"]
[Date "2019.06.09"]
[Round "1"]
[White "Gutkin, Ilya"]
[Black "Kopylov, Daniel"]
[Result "1-0"]
[Termination "normal"]
[Board "6"]
[WhiteElo "2041"]
[BlackElo "2263"]
[WhiteClock "00:10:56"]
[BlackClock "00:01:53"]
[PlyCount "127"]
[WhiteFideId "16203470"]
[BlackFideId "12921971"]
[EventCountry "GER"]
[EventRounds "9"]
[EventType "swiss"]
[EventDate "2019.06.08"]

1. Nf3 {[%clk 1:30:46]} 1... d5 {[%clk 1:29:05]} 2. c4 {[%clk 1:31:08]} 2... e6
{[%clk 1:25:36]} 3. g3 {[%clk 1:30:17]} 3... Nf6 {[%clk 1:25:42]} 4. Bg2 {
[%clk 1:30:21]} 4... c5 {[%clk 1:22:37]} 5. cxd5 {[%clk 1:23:19]} 5... exd5 {
[%clk 1:21:05]} 6. d4 {[%clk 1:21:13]} 6... Nc6 {[%clk 1:21:13]} 7. O-O { [%clk
1:20:40]} 7... Be7 {[%clk 1:19:00]} 8. dxc5 {[%clk 1:16:05]} 8... Bxc5 { [%clk
1:17:16]} 9. a3 {[%clk 1:16:24]} 9... O-O {[%clk 1:16:54]} 10. Nc3 { [%clk
1:13:15]} 10... h6 {[%clk 0:48:39]} 11. b4 {[%clk 1:03:57]} 11... Be7 { [%clk
0:45:44]} 12. Bb2 {[%clk 1:02:40]} 12... Be6 {[%clk 0:43:26]} 13. Nd4 { [%clk
0:53:47]} 13... Nxd4 {[%clk 0:31:48]} 14. Qxd4 {[%clk 0:54:10]} 14... Qb6
{[%clk 0:28:36]} 15. Qxb6 {[%clk 0:46:49]} 15... axb6 {[%clk 0:29:01]} 16. Rac1
{[%clk 0:45:19]} 16... Rfd8 {[%clk 0:27:20]} 17. Rfd1 {[%clk 0:22:55]} 17...
Rac8 {[%clk 0:26:39]} 18. Nb5 {[%clk 0:18:33]} 18... Bd7 {[%clk 0:21:21]} 19.
Nc7 {[%clk 0:09:14]} 19... Ba4 {[%clk 0:14:16]} 20. Nxd5 {[%clk 0:06:42]} 20...
Nxd5 {[%clk 0:12:55]} 21. Rxd5 {[%clk 0:07:00]} 21... Rxc1+ {[%clk 0:12:15]}
22. Bxc1 {[%clk 0:07:25]} 22... Rc8 {[%clk 0:12:27]} 23. Be3 {[%clk 0:06:19]}
23... Rc2 {[%clk 0:11:38]} 24. Re5 {[%clk 0:06:10]} 24... Rxe2 {[%clk 0:08:02]}
25. Kf1 {[%clk 0:00:56]} 25... Bf6 {[%clk 0:07:30]} 26. Kxe2 {[%clk 0:01:22]}
26... Bxe5 {[%clk 0:07:57]} 27. Kd3 {[%clk 0:00:46]} 27... Bb5+ {[%clk 0:00:46]
} 28. Kc2 {[%clk 0:01:10]} 28... Ba4+ {[%clk 0:00:51]} 29. Kd3 {[%clk 0:01:33]}
29... Bb5+ {[%clk 0:01:16]} 30. Kc2 {[%clk 0:02:00]} 30... Ba4+ {[%clk 0:01:44]
} 31. Kb1 {[%clk 0:02:20]} 31... Bc7 {[%clk 0:00:46]} 32. Bxb7 {[%clk 0:02:40]}
32... Kf8 {[%clk 0:01:02]} 33. Bd4 {[%clk 0:02:32]} 33... f6 {[%clk 0:01:23]}
34. Kb2 {[%clk 0:02:10]} 34... Ke7 {[%clk 0:01:46]} 35. Kc3 {[%clk 0:01:55]}
35... Ke6 {[%clk 0:01:49]} 36. Be4 {[%clk 0:01:20]} 36... g5 {[%clk 0:00:57]}
37. Bd3 {[%clk 0:00:37]} 37... h5 {[%clk 0:00:40]} 38. h3 {[%clk 0:00:37]}
38... Bc6 {[%clk 0:00:34]} 39. Bc4+ {[%clk 0:00:37]} 39... Kf5 {[%clk 0:00:39]}
40. Bd3+ {[%clk 0:00:49]} 40... Ke6 {[%clk 0:01:02]} 41. h4 {[%clk 0:25:20]}
41... Be8 {[%clk 0:25:28]} 42. Kc4 {[%clk 0:17:19]} 42... Bd8 {[%clk 0:23:28]}
43. Be3 {[%clk 0:12:32]} 43... gxh4 {[%clk 0:21:31]} 44. gxh4 {[%clk 0:12:56]}
44... f5 {[%clk 0:15:19]} 45. Be2 {[%clk 0:10:46]} 45... b5+ {[%clk 0:05:41]}
46. Kc5 {[%clk 0:10:56]} 46... Bxh4 {[%clk 0:01:53]} 47. Bxb5 Be7+ 48. Kb6 Bxb5
49. Kxb5 h4 50. Kc6 Bd6 51. f3 h3 52. Bg1 Bg3 53. b5 f4 54. b6 Bf2 55. b7 Ba7
56. Bxa7 h2 57. b8=Q h1=Q 58. Qg8+ Kf5 59. Qg4+ Ke5 60. Bb8+ Kd4 61. Qxf4+ Kc3
62. Be5+ Kb3 63. Qb4+ Kc2 64. Qc3+ 1-0

[Event "DEM U16 2019"]
[Site "Willingen GER"]
[Date "2019.06.09"]
[Round "1"]
[White "Huber, Benedikt"]
[Black "Kölle, Tobias"]
[Result "0-1"]
[Termination "normal"]
[Board "8"]
[WhiteElo "2051"]
[BlackElo "2225"]
[WhiteClock "00:03:38"]
[BlackClock "00:45:19"]
[PlyCount "66"]
[WhiteFideId "12923583"]
[BlackFideId "16207378"]
[EventCountry "GER"]
[EventRounds "9"]
[EventType "swiss"]
[EventDate "2019.06.08"]

1. d4 {[%clk 1:30:56]} 1... Nf6 {[%clk 1:30:47]} 2. c4 {[%clk 1:31:11]} 2... g6
{[%clk 1:31:11]} 3. Nf3 {[%clk 1:31:30]} 3... Bg7 {[%clk 1:31:34]} 4. g3 {
[%clk 1:31:08]} 4... O-O {[%clk 1:28:19]} 5. Bg2 {[%clk 1:30:59]} 5... d6 {
[%clk 1:28:42]} 6. O-O {[%clk 1:31:22]} 6... Nc6 {[%clk 1:27:06]} 7. Nc3 {
[%clk 1:31:37]} 7... a6 {[%clk 1:27:19]} 8. b3 {[%clk 1:31:19]} 8... Rb8 {
[%clk 1:27:35]} 9. Nd5 {[%clk 1:31:14]} 9... e6 {[%clk 1:23:42]} 10. Nxf6+ {
[%clk 1:30:07]} 10... Bxf6 {[%clk 1:24:03]} 11. Bb2 {[%clk 1:28:30]} 11... b5 {
[%clk 1:20:39]} 12. Rc1 {[%clk 1:26:40]} 12... Bb7 {[%clk 1:19:40]} 13. Qd2 {
[%clk 1:23:10]} 13... Ne7 {[%clk 1:15:13]} 14. Rfe1 {[%clk 1:17:25]} 14... Bg7
{[%clk 1:10:16]} 15. e4 {[%clk 1:14:15]} 15... bxc4 {[%clk 1:10:05]} 16. bxc4 {
[%clk 1:12:22]} 16... Ba8 {[%clk 1:08:02]} 17. Ba3 {[%clk 1:06:49]} 17... Qd7 {
[%clk 1:06:10]} 18. Qc2 {[%clk 1:05:47]} 18... f5 {[%clk 1:02:42]} 19. d5 {
[%clk 0:50:56]} 19... e5 {[%clk 0:57:32]} 20. c5 {[%clk 0:28:48]} 20... fxe4 {
[%clk 0:56:11]} 21. c6 {[%clk 0:28:35]} 21... Qf5 {[%clk 0:56:18]} 22. Nh4 {
[%clk 0:27:34]} 22... Qf7 {[%clk 0:54:52]} 23. Bxe4 {[%clk 0:15:47]} 23... Nxd5
{[%clk 0:54:53]} 24. Nf3 {[%clk 0:15:38]} 24... Bh6 {[%clk 0:51:56]} 25. Rb1 {
[%clk 0:09:58]} 25... Nf6 {[%clk 0:51:34]} 26. Bd3 {[%clk 0:09:30]} 26... Kg7 {
[%clk 0:48:09]} 27. Bc4 {[%clk 0:05:47]} 27... Qe8 {[%clk 0:46:39]} 28. Nd4 {
[%clk 0:05:13]} 28... Rxb1 {[%clk 0:45:55]} 29. Qxb1 {[%clk 0:05:28]} 29... Kh8
{[%clk 0:45:53]} 30. Ne6 {[%clk 0:04:54]} 30... Qxc6 {[%clk 0:46:05]} 31. Re4 {
[%clk 0:02:53]} 31... Nxe4 {[%clk 0:44:56]} 32. Nxf8 {[%clk 0:03:15]} 32... Nd2
{[%clk 0:45:02]} 33. Nxg6+ {[%clk 0:03:38]} 33... Kg7 {[%clk 0:45:19]} 0-1

[Event "DEM U16 2019"]
[Site "Willingen GER"]
[Date "2019.06.09"]
[Round "1"]
[White "Jeschke, Jan"]
[Black "Dobrikov, Marco"]
[Result "0-1"]
[Termination "normal"]
[Board "10"]
[WhiteElo "1871"]
[BlackElo "2281"]
[WhiteClock "00:01:36"]
[BlackClock "00:24:11"]
[PlyCount "120"]
[WhiteFideId "16225430"]
[BlackFideId "12950378"]
[EventCountry "GER"]
[EventRounds "9"]
[EventType "swiss"]
[EventDate "2019.06.08"]

1. e4 {[%clk 1:30:57]} 1... c5 {[%clk 1:30:58]} 2. d4 {[%clk 1:31:01]} 2...
cxd4 {[%clk 1:31:24]} 3. c3 {[%clk 1:31:25]} 3... Nf6 {[%clk 1:31:49]} 4. e5 {
[%clk 1:31:50]} 4... Nd5 {[%clk 1:32:16]} 5. Nf3 {[%clk 1:32:13]} 5... Nc6 {
[%clk 1:32:43]} 6. cxd4 {[%clk 1:32:16]} 6... d6 {[%clk 1:32:57]} 7. Bc4 {
[%clk 1:31:28]} 7... Nb6 {[%clk 1:33:16]} 8. Bb5 {[%clk 1:31:00]} 8... Bd7 {
[%clk 1:32:55]} 9. Nc3 {[%clk 1:29:40]} 9... dxe5 {[%clk 1:29:35]} 10. dxe5 {
[%clk 1:28:44]} 10... g6 {[%clk 1:26:20]} 11. O-O {[%clk 1:28:27]} 11... Bg7 {
[%clk 1:23:42]} 12. Qe2 {[%clk 1:20:59]} 12... O-O {[%clk 1:18:48]} 13. Re1 {
[%clk 1:15:24]} 13... Qc7 {[%clk 1:13:32]} 14. Bf4 {[%clk 1:12:12]} 14... Bg4 {
[%clk 1:13:02]} 15. Rac1 {[%clk 0:45:27]} 15... a6 {[%clk 0:53:45]} 16. Bxc6 {
[%clk 0:45:26]} 16... Qxc6 {[%clk 0:54:11]} 17. Ne4 {[%clk 0:37:30]} 17... Qb5
{[%clk 0:54:10]} 18. b3 {[%clk 0:29:11]} 18... Nd5 {[%clk 0:51:37]} 19. Bg3 {
[%clk 0:28:22]} 19... Qxe2 {[%clk 0:41:18]} 20. Rxe2 {[%clk 0:27:19]} 20...
Rac8 {[%clk 0:40:57]} 21. Rec2 {[%clk 0:27:23]} 21... Nb4 {[%clk 0:36:33]} 22.
Rxc8 {[%clk 0:23:23]} 22... Rxc8 {[%clk 0:37:02]} 23. Rxc8+ {[%clk 0:23:43]}
23... Bxc8 {[%clk 0:37:30]} 24. a3 {[%clk 0:20:19]} 24... Nd3 {[%clk 0:37:12]}
25. Kf1 {[%clk 0:17:03]} 25... Be6 {[%clk 0:36:52]} 26. Nd4 {[%clk 0:15:11]}
26... Bc8 {[%clk 0:32:36]} 27. f4 {[%clk 0:11:31]} 27... Bh6 {[%clk 0:32:50]}
28. Ng5 {[%clk 0:09:25]} 28... Nxe5 {[%clk 0:30:46]} 29. fxe5 {[%clk 0:08:00]}
29... Bxg5 {[%clk 0:31:14]} 30. Ke2 {[%clk 0:08:03]} 30... f5 {[%clk 0:22:19]}
31. Kd3 {[%clk 0:05:55]} 31... Kf7 {[%clk 0:20:14]} 32. Nf3 {[%clk 0:03:35]}
32... Bc1 {[%clk 0:18:55]} 33. a4 {[%clk 0:03:46]} 33... Be6 {[%clk 0:15:22]}
34. Kc2 {[%clk 0:02:17]} 34... Bh6 {[%clk 0:15:05]} 35. h4 {[%clk 0:01:46]}
35... Bd5 {[%clk 0:12:58]} 36. Kc3 {[%clk 0:01:43]} 36... Be3 {[%clk 0:07:55]}
37. Ng5+ {[%clk 0:01:06]} 37... Kg8 {[%clk 0:07:59]} 38. Nf3 {[%clk 0:00:52]}
38... Bxf3 {[%clk 0:07:57]} 39. gxf3 {[%clk 0:01:17]} 39... f4 {[%clk 0:08:25]}
40. Bh2 {[%clk 0:00:36]} 40... e6 {[%clk 0:07:09]} 41. Kd3 {[%clk 0:00:40]}
41... h6 {[%clk 0:07:37]} 42. Bg3 {[%clk 0:00:33]} 42... h5 {[%clk 0:28:16]}
43. Be1 {[%clk 0:20:42]} 43... Kf7 {[%clk 0:27:41]} 44. Kc4 {[%clk 0:20:09]}
44... Bg1 {[%clk 0:23:23]} 45. Kd3 {[%clk 0:13:33]} 45... Bh2 {[%clk 0:23:47]}
46. Ke2 {[%clk 0:13:58]} 46... g5 {[%clk 0:21:00]} 47. hxg5 {[%clk 0:12:15]}
47... Kg6 {[%clk 0:20:10]} 48. Kf1 {[%clk 0:12:36]} 48... Kxg5 {[%clk 0:20:35]}
49. Kg2 {[%clk 0:13:01]} 49... Bg3 {[%clk 0:21:00]} 50. Bc3 {[%clk 0:07:46]}
50... Kf5 {[%clk 0:20:18]} 51. Kh3 {[%clk 0:03:47]} 51... Bf2 {[%clk 0:20:43]}
52. Bb2 {[%clk 0:04:08]} 52... Bc5 {[%clk 0:20:59]} 53. Kh4 {[%clk 0:04:04]}
53... Kg6 {[%clk 0:21:27]} 54. Bc1 {[%clk 0:04:04]} 54... Be7+ {[%clk 0:21:53]}
55. Kh3 {[%clk 0:04:25]} 55... Kf5 {[%clk 0:22:18]} 56. Bb2 {[%clk 0:04:50]}
56... Bd8 {[%clk 0:22:47]} 57. Bc3 {[%clk 0:01:55]} 57... Bc7 {[%clk 0:23:13]}
58. Kh4 {[%clk 0:02:19]} 58... Bxe5 {[%clk 0:23:34]} 59. Bd2 {[%clk 0:01:47]}
59... Kg6 {[%clk 0:23:51]} 60. Kh3 {[%clk 0:01:36]} 60... Kg5 {[%clk 0:24:11]}
0-1